ბათუმის შოთა რუსთაველის სახელმწიფო უნივერსიტეტის ბიბლიოთეკა

იტალიური ენის სახელმძშვსნელო (ბიბ.ჩანაწერი № 36555)

000 -LEADER
fixed length control field 00693nam a2200217Ia 4500
001 - CONTROL NUMBER
control field 2474
003 - CONTROL NUMBER IDENTIFIER
control field GE_BSU
008 - FIXED-LENGTH DATA ELEMENTS--GENERAL INFORMATION
fixed length control field 181216s||||||||xx |||||||||||||| ||und||
020 ## - INTERNATIONAL STANDARD BOOK NUMBER
International Standard Book Number 9992884061
040 ## - CATALOGING SOURCE
Transcribing agency GE_BSU
080 ## - UNIVERSAL DECIMAL CLASSIFICATION NUMBER
Universal Decimal Classification number 811.131.1(075.8)
100 ## - MAIN ENTRY--PERSONAL NAME
Personal name სიფრაშვილი, მანანა; ტაბატაძე,ციცინო;
245 ## - TITLE STATEMENT
Title იტალიური ენის სახელმძშვსნელო
260 ## - PUBLICATION, DISTRIBUTION, ETC.
Place of publication, distribution, etc. თბილისი
260 ## - PUBLICATION, DISTRIBUTION, ETC.
Name of publisher, distributor, etc. ლეგა
260 ## - PUBLICATION, DISTRIBUTION, ETC.
Date of publication, distribution, etc. 2007
300 ## - PHYSICAL DESCRIPTION
Extent 400 გვ.
653 ## - INDEX TERM--UNCONTROLLED
Uncontrolled term იტალიური ენის სახელმძშვსნელო
942 ## - ADDED ENTRY ELEMENTS (KOHA)
Koha item type წიგნი
ეგზემპლარები
Withdrawn status Lost status Damaged status Not for loan Date acquired Barcode Date last seen Price effective from Koha item type
        2018-12-17 1506 2018-12-17 2018-12-17 წიგნი